Skip to content
VuFind
All Fields
Title
Author
Subject
Call Number
ISBN/ISSN
Tag
Find
Advanced
The Day Of The Dinosaurs
Cite this
Print
Export Record
Export to RefWorks
Export to EndNoteWeb
Export to EndNote
Export to MARC
Export Ready —
The Day Of The Dinosaurs
Bibliographic Details
Main Author:
Stidworthy, John
Format:
Book
Holdings
Description
Similar Items
Staff View
MARC
LEADER
00000cam a2200000 7i4500
001
0000010708
002
000011663
005
20040128.0
020
|a
0861634845
090
0
0
|a
500
|b
STI
100
1
|a
Stidworthy, John
245
1
4
|a
The Day Of The Dinosaurs
|c
John Stidworthy
999
|a
045414
|b
BUKU
|c
PINJAMAN
|e
PERPUSTAKAAN KOMUNITI CAW KOTA DAMANSARA
Similar Items
Dinosaurs
by: Cooper, John
Published: (2006)
Dinosaurs
by: Firth, Rachel
Published: (2001)
Dinosaurs
by: Firth, Rachel
Published: (2006)
Dinosaurs
by: Maurer, Lisa
Dinosaur
by: Royston, Angela
Published: (1994)